| 000 | 00597nam a2200193 a 4500 | ||
|---|---|---|---|
| 001 | 914 | ||
| 003 | CDMR | ||
| 005 | 20131119111036.0 | ||
| 008 | 130130s1981||||||||||||||||||||||||||||d | ||
| 020 | _a8429012664 | ||
| 040 |
_aCDMR _bcat _cCDMR |
||
| 100 | 1 |
_aGonzález Ballesteros, Teodoro _9714 |
|
| 245 | 1 | 3 |
_aEl derecho de réplica y rectificación en prensa, radio y televisión _cTeodoro González Ballesteros |
| 260 |
_aMadrid _c1981 _bReus |
||
| 300 | _a263 p. | ||
| 650 | 0 | 4 |
_94370 _aDret de rectificació |
| 650 | 0 | 4 |
_93370 _aMitjans de comunicació de massa _xDret i legislació |
| 942 |
_cMON _2udc |
||
| 999 |
_c914 _d914 |
||